书目信息 |
| 题名: |
大学语文
|
|
| 作者: | 谢卫平 主编 | |
| 分册: | ||
| 出版信息: | 北京 机械工业出版社 2005.9 |
|
| 页数: | 416页 | |
| 开本: | 24cm | |
| 丛书名: | ||
| 单 册: | ||
| 中图分类: | H1-43 | |
| 科图分类: | ||
| 主题词: | 语文--yu wen--高等教育--教材 | |
| 电子资源: | ||
| ISBN: | 7-111-17279-5 | |
| 000 | 01078nam0 2200313 450 | |
| 000 | 01107nam0 2200313 450 | |
| 000 | 01070nam0 2200301 450 | |
| 000 | 01053nam0 2200301 450 | |
| 000 | 01016nam0 2200289 450 | |
| 001 | CAL 012006040430 | |
| 005 | 20061027145752.53 | |
| 010 | @a7-111-17279-5@dCNY32.00 | |
| 099 | @aCAL 012006040430 | |
| 100 | @a20060830d2005 em y0chiy0120 ea | |
| 101 | 0 | @achi |
| 102 | @aCN@b110000 | |
| 105 | @ay a 000yy | |
| 200 | 1 | @a大学语文@Ada xue yu wen@f谢卫平主编 |
| 210 | @a北京@c机械工业出版社@d2005.9 | |
| 215 | @a416页@d24cm | |
| 300 | @a普通高等教育规划教材 | |
| 320 | @a有书目 (第414-416页) | |
| 330 | @a本书通过对文学、写作、语言和口才知识的系统阐述, 介绍了我国文学从古到今发展的基本脉络, 著名作家及其作品的基本思想倾向和艺术风格, 常见应用文种的格式和写法, 最基本的语法规范和修辞手法。 | |
| 333 | @a阅读对象: 非语文专业的学生、厂矿、企事业单位管理人员等 | |
| 606 | 0 | @a语文@Ayu wen@x高等教育@j教材 |
| 690 | @aH1-43@v4 | |
| 701 | 0 | @a谢卫平@Axie wei ping@4主编 |
| 801 | 0 | @aCN@c20061027 |
| 905 | @a10447@dH1-43@eX470 | |
| 大学语文/谢卫平主编.-北京:机械工业出版社,2005.9 |
| 416页;24cm |
| 普通高等教育规划教材.-使用对象:阅读对象: 非语文专业的学生、厂矿、企事业单位管理人员等 |
| ISBN 7-111-17279-5:CNY32.00 |
| 本书通过对文学、写作、语言和口才知识的系统阐述, 介绍了我国文学从古到今发展的基本脉络, 著名作家及其作品的基本思想倾向和艺术风格, 常见应用文种的格式和写法, 最基本的语法规范和修辞手法。 |
| ● |
| 相关链接 |
|
|
|
正题名:大学语文
索取号:H1-43/X470
 
预约/预借
| 序号 | 登录号 | 条形码 | 馆藏地/架位号 | 状态 | 备注 |
| 1 | 632490 | 206324903 | 语言库209/209语言库 70排1列3层/ [索取号:H1-43/X470] | 在馆 | |
| 2 | 632491 | 206324912 | 语言库209/209语言库 70排1列3层/ [索取号:H1-43/X470] | 在馆 | |
| 3 | 632492 | 206324921 | 语言库209/209语言库 70排1列3层/ [索取号:H1-43/X470] | 在馆 |